000 00684nam a2200277Ia 4500
005 20260324113010.0
008 008 260324s9999 xx 000 0 eng d
020 _a9781003520566
037 _aEBOOK
040 _aCRL
040 _beng
040 _cCRL
041 _2eng
041 _aeng
084 _qCRL
100 _aKai Yan; Yetao Tang; Rongliang Qiu
_91145009
245 0 _aFabrication and Applications of Biomass-Derived Porous Carbon
260 _bTaylor and Francis
260 _c2024
365 _a
365 _b185
856 _uhttp://www.taylorfrancis.com/books/9781003520566
942 _cEBOOK
999 _c1734420
_d1734420